| 000 | 00668cam a2200205 i 4500 | ||
|---|---|---|---|
| 005 | 20251108174940.0 | ||
| 008 | 250721s2008 sy gr 000 0 ara d | ||
| 082 | 1 | 4 |
_a401 _bح ب ا |
| 100 | 1 |
_aالحباشة، صابر _eمؤلف. |
|
| 245 | 1 | 2 |
_aاللغة والمعرفة : _bرؤية جديدة / _cصابر الحباشة. |
| 250 | _aالاصدار الأول. | ||
| 264 | 1 |
_aدمشق : _bدار صفحات للدراسات، _c2008. |
|
| 300 | _a136صفحة. | ||
| 650 | 1 | 7 | _aاللسانيات, |
| 650 | 1 | 7 | _aعلم الدلالة, |
| 650 | 1 | 7 | _aاللغات, |
| 650 | 1 | 7 | _aالمعرفة, |
| 942 |
_2ddc _cBK |
||
| 999 |
_c122268 _d122268 |
||